000 00474nam a2200181Ia 4500
001 13074
005 20260306163027.0
008 260306t1992||||xx |||||||||||||| ||spa||
041 _aESP
082 _aRD 703
_bR75
100 _aRodríguez Castelo, Hernán
_eAUT
245 0 _aDiccionario crítico de artistas plásticos del Ecuador del Siglo XX
260 _c1992
300 _a419 páginas :
_c21 cm.
650 _aGEN
654 _aCAU
942 _cDIC
_dJUS
_fJUS
_2ddc
_n
999 _c13074
_d13074